000 00550nam a2200217Ia 4500
003 OSt
005 20220928143238.0
006 a|||||r|||| 00| 0
007 ta
008 220927b |||||||| |||| 00| 0 eng d
024 _a21480
037 _cTextual
040 _aSDCL
_cSDCL
_beng
041 _2eng
_aeng
082 _aO152,1M89,1, L3;1
100 _aMadhav Gajanan
_9399773
245 0 _aKamayanee ek punarvichar.
260 _c1973
942 _hO152,1M89,1, L3;1
_cTEXL
_2CC
999 _c823519
_d823519